Data Network Design / Darren L. Spohn (Registro nro. 11849)
[ vista simple ]
| 000 -LÍDER | |
|---|---|
| fixed length control field | 00586nam a2200157 4500 |
| 008 - ELEMENTOS DE LONGITUD FIJA -- INFORMACIÓN GENERAL | |
| fixed length control field | 0 1993 0a 000 0USA |
| 020 ## - NÚMERO INTERNACIONAL NORMALIZADO PARA LIBROS | |
| ISBN | 0-07-060360-X |
| 050 ## - SIGNATURA TOPOGRAFICA DE LA BIBLIOTECA DEL CONGRESO (LC) | |
| Número de Clasificación | TK105.5 S762 |
| 082 ## - NUMERO DE CLASIFICACION DECIMAL DEWEY | |
| Número de Clasificación | 001.61 S857d |
| 100 ## - ASIENTO PRINCIPAL--NOMBRE PERSONAL | |
| Nombre personal | Spohn, Darren L. |
| 245 ## - TÍTULO | |
| Título | Data Network Design / Darren L. Spohn |
| 260 ## - PUBLICACIÓN, DISTRIBUCIÓN, ETC. (PIE DE IMPRENTA) | |
| Lugar de publicación, distribución, etc. | United States of America : McGraw-Hill |
| 300 ## - DESCRIPCIÓN FÍSICA | |
| Extensión | xxx, 778 p. / 22 cm. |
| 500 ## - NOTA GENERAL | |
| Nota general | Incluye ap‚ndice, bibliografía, índice. |
| 650 ## - ASIENTO SECUNDARIO DE MATERIA - TERMINO TEMÁTICO | |
| Término temático o nombre geográfico como elemento de entrada | 1.REDES DE COMPUTOS \ 2.COMPUTACIÓN , REDES DE COMPUTO-PROTOCOLOS \ 3.REDES DE COMPUTO-NORMAS \ 4.ARQUITECTURA EN REDES COMPUTO |
| No. biblioteca | No. biblioteca | Número de clasificación | Código de barras/Número de adquisición | Número de copia | Tipo de material |
|---|---|---|---|---|---|
| LUIS G. INCLAN | LUIS G. INCLAN | 001.61 S857d | 20335 | 3 | Libros |
| LUIS G. INCLAN | LUIS G. INCLAN | 001.61 S857d | 20334 | 2 | Libros |
